It looks like you're offline.
Open Library logo
additional options menu

MARC record from Internet Archive

LEADER: 00679cam a2200217u 4500
001 7272745
005 20120109144639.0
008 821210s1906 pau 000 0 eng
906 $a0$bcbc$cpremunv$du$encip$f19$gy-gencatlg
035 $9(DLC) 06037629
010 $a 06037629
040 $aDLC$cCarP$dDLC
050 00 $aZ56$b.L74 1906a
100 1 $aLindsay, Hugh P. [from old catalog]
245 00 $aLindsay's simplified shorthand.
250 $a5th ed.
260 $aPittsburgh, Pa.$c[c1906]
300 $a2 p.l., [3]-64, x p.$c20 x 15 cm.
650 0 $aShorthand.
700 1 $aLindsay, Amelia H., [from old catalog]$ejoint author.
991 $bc-GenColl$hZ56$i.L74 1906a$tCopy 1$wPREM